000 00562nam a2200205Ia 4500
005 20250326144147.0
008 250326s9999 xx 000 0 und d
020 _a019569855-X
037 _aTextbook
040 _aFMSL
_beng
_cFMSL
041 _aeng
_2eng
084 _aY:5.44 P8
_qFMSL
100 _aChaurasia A R
_9749150
245 0 _aIndia state of population 2007
_cChaurasia A R; Gulati S C
260 _aNew Delhi
_bNew Delhi, Oxford
_c2007
300 _a228p
365 _b545
942 _cTB
_hY:5.44 P8
999 _c1302614
_d1302614